00903aam a2200277 i 4500001001000000003001000010005001700020007000300037008004100040040001400081041000800095082002000103100003700123245004700160264012400207300001700331336002700348337003300375338002800408563001400436650002300450942000700473945001200480952011600492999001700608768714001CO-MdFUSB20250430102444.0ta250430txxx pau |||| |||| 00| 0 eng d cCO-MdFUSB0 aeng04223a239 bV282b1 aVan Til, Cornelio (1895-)eautor10aWhy i believe in God c/ Cornelius Van Til 0bCommittee for Christian Education and Publication, aPhiladelphia, PA., USA : c[fecha de producción no identificada] a19 páginas atextobtxt2rdacontent 2rdamediaasin mediaciónbn 2rdacarrieravolumenbnc aRústico 7aApologética9187 cBK aJTF-925 001040708GENaFUSBCbFUSBCd2004-12-07l0oG 239 V282b p3861r2019-12-12 00:00:00tEj. 1w2016-01-26yBKB0 c35253d35253